Witamy w Bibliotece Naukowej Instytutu Łączności!

Pervicnye istocniki toka / (Rekord nr 4482)

000 -LEADER
fixed length control field 00411 a2200121 4500
100 1# - MAIN ENTRY--PERSONAL NAME
Personal name Crompton, T. R..
Relator term Autor
245 0# - TITLE STATEMENT
Title Pervicnye istocniki toka /
Statement of responsibility, etc Crompton T. R., Mazitov Ju. A..
260 ## - PUBLICATION, DISTRIBUTION, ETC. (IMPRINT)
Place of publication, distribution, etc Moskva :
Name of publisher, distributor, etc Mir,
Date of publication, distribution, etc 1986.
300 ## - PHYSICAL DESCRIPTION
Extent 328 s.:
Other physical details il.;
Dimensions 21 cm.
490 1# - SERIES STATEMENT
Series statement Applied Electricity and Electronics
700 1# - ADDED ENTRY--PERSONAL NAME
Personal name Mazitov, Ju. A..
Relator term (perevod.)
710 2# - ADDED ENTRY--CORPORATE NAME
Corporate name or jurisdiction name as entry element Mir.
Relator term Wydawca
Relator code pbl
830 #0 - SERIES ADDED ENTRY--UNIFORM TITLE
Uniform title Applied Electricity and Electronics

Brak dostępnych egzemplarzy.

Działa dzięki Koha